[Event "4NCL Division 2a"]
[Site "Hinckley Island ENG"]
[Date "2014.11.16"]
[Round "2.231"]
[White "Graham, David B"]
[Black "Martin, Andrew"]
[Result "1/2-1/2"]
[WhiteElo "2127"]
[BlackElo "2380"]
[PlyCount "44"]
[EventDate "2014.11.16"]
[WhiteTeam "Sussex Martlets 1"]
[BlackTeam "Guildford 3"]

1. e4 e6 2. d3 d5 3. Nd2 c5 4. Ngf3 Nc6 5. g3 Bd6 6. Bg2 Nge7 7. O-O O-O 8. Re1
Bc7 9. Qe2 Rb8 10. a4 d4 11. e5 b6 12. h4 Ba6 13. h5 h6 14. Nf1 Kh8 15. N1h2
Ng8 16. Ng4 Nb4 17. Bf4 Nd5 18. Bd2 Qe8 19. Nh4 Nde7 20. Be4 Bb7 21. a5 Bxe4
22. Qxe4 Qc6 1/2-1/2

[Event "4NCL Division 2a"]
[Site "Hinckley Island ENG"]
[Date "2014.11.16"]
[Round "2.232"]
[White "Buckley, Graeme"]
[Black "Salimbeni, George"]
[Result "1/2-1/2"]
[WhiteElo "2336"]
[BlackElo "2144"]
[PlyCount "86"]
[EventDate "2014.11.16"]
[WhiteTeam "Guildford 3"]
[BlackTeam "Sussex Martlets 1"]

1. e4 e5 2. Nf3 Nc6 3. Bb5 a6 4. Ba4 Nf6 5. O-O Be7 6. Re1 b5 7. Bb3 d6 8. c3
O-O 9. h3 Bb7 10. d4 Re8 11. Nbd2 Bf8 12. Bc2 h6 13. Bb1 Qd7 14. Nb3 Rad8 15.
a4 bxa4 16. Nbd2 a3 17. bxa3 d5 18. exd5 Qxd5 19. Ba2 Qd7 20. dxe5 Nd5 21. Qc2
Nce7 22. Ne4 Ng6 23. Bxh6 Nxe5 24. Nxe5 Rxe5 25. Bd2 Rde8 26. f3 Qc6 27. c4 f5
28. Nf2 Rxe1+ 29. Rxe1 Rxe1+ 30. Bxe1 Ne3 31. Qd3 Bc5 32. Qd8+ Kh7 33. Qh4+ Kg8
34. Qd8+ Kh7 35. Qg5 Qe6 36. Kh2 Nf1+ 37. Kg1 Qxe1 38. Qxf5+ Kg8 39. Qxc5 Ng3+
40. Kh2 Nf1+ 41. Kg1 Ne3+ 42. Kh2 Qxf2 43. Qg5 Nf1+ 1/2-1/2

[Event "4NCL Division 2a"]
[Site "Hinckley Island ENG"]
[Date "2014.11.16"]
[Round "2.233"]
[White "Grant, David J"]
[Black "Kalaiyalahan, Akshaya"]
[Result "0-1"]
[WhiteElo "2114"]
[BlackElo "2016"]
[PlyCount "126"]
[EventDate "2014.11.16"]
[WhiteTeam "Sussex Martlets 1"]
[BlackTeam "Guildford 3"]

1. e4 c5 2. Nc3 Nc6 3. Bb5 g6 4. Nge2 Bg7 5. Bxc6 dxc6 6. d3 e5 7. Be3 b6 8.
O-O Ne7 9. f4 exf4 10. Bxf4 O-O 11. Qd2 Be6 12. Rae1 Qd7 13. Bg3 c4 14. Nf4
Rad8 15. Nxe6 Qxe6 16. Qe2 cxd3 17. cxd3 b5 18. a3 Rd7 19. Kh1 Rfd8 20. Rf3 a5
21. Ref1 f5 22. e5 g5 23. Bf2 g4 24. Rg3 h5 25. d4 Ng6 26. Bg1 f4 27. Rd3 f3
28. Qe4 Nh4 29. gxf3 Nxf3 30. Rfd1 Qc4 31. b3 Qe6 32. Ne2 Bh6 33. Be3 Bxe3 34.
Qxe3 Rf8 35. Ng3 h4 36. Ne4 Qd5 37. h3 g3 38. Kg2 Rdf7 39. Rf1 Rf4 40. Rxf3
Qxe4 41. Qxe4 Rxe4 42. Rxf8+ Kxf8 43. d5 cxd5 44. Rxd5 Re2+ 45. Kg1 Rh2 46.
Rxb5 Rxh3 47. Rxa5 Rh2 48. Ra8+ Ke7 49. Rh8 h3 50. Rg8 Rg2+ 51. Kh1 Ke6 52. Rg5
Kd5 53. a4 Ke4 54. e6 Kf3 55. Rf5+ Kg4 56. Re5 Rf2 57. Re4+ Kf3 58. Re1 g2+ 59.
Kg1 Kg3 60. Re3+ Rf3 61. Rxf3+ Kxf3 62. e7 Kg3 63. e8=Q h2# 0-1

[Event "4NCL Division 2a"]
[Site "Hinckley Island ENG"]
[Date "2014.11.16"]
[Round "2.234"]
[White "Osborne, Marcus"]
[Black "Cumming, Rhys"]
[Result "0-1"]
[WhiteElo "2208"]
[BlackElo "2044"]
[PlyCount "90"]
[EventDate "2014.11.16"]
[WhiteTeam "Guildford 3"]
[BlackTeam "Sussex Martlets 1"]

1. c4 Nf6 2. Nc3 d5 3. cxd5 Nxd5 4. g3 g6 5. Bg2 Nxc3 6. bxc3 Bg7 7. Rb1 c6 8.
Nf3 O-O 9. Qa4 Nd7 10. O-O Nb6 11. Qc2 Qd5 12. d3 Qa5 13. c4 e5 14. Bd2 Qa4 15.
Rb3 e4 16. Ng5 exd3 17. exd3 Bf5 18. Bc3 Qxc4 19. Be4 Qc5 20. Bxf5 Qxf5 21.
Bxg7 Kxg7 22. Qb2+ f6 23. h4 Rfe8 24. Ne4 Qe5 25. Qa3 Red8 26. Nc5 Qe7 27. d4
Qf7 28. Re1 Re8 29. Rxe8 Qxe8 30. Re3 Qf7 31. Ne6+ Kg8 32. Qc1 Re8 33. Nc5 Rxe3
34. fxe3 Qxa2 35. Nxb7 Qc4 36. Qa3 Nd5 37. Qd6 Qc1+ 38. Kh2 Qc2+ 39. Kh3 Qf5+
40. Kh2 Qc2+ 41. Kh3 Nxe3 42. Qe6+ Kg7 43. Qe7+ Kh6 44. Qe6 Qf5+ 45. Qxf5 Nxf5
0-1

[Event "4NCL Division 2a"]
[Site "Hinckley Island ENG"]
[Date "2014.11.16"]
[Round "2.235"]
[White "Bucher, Grant W"]
[Black "Granat, Russell"]
[Result "1/2-1/2"]
[WhiteElo "2078"]
[BlackElo "2193"]
[PlyCount "41"]
[EventDate "2014.11.16"]
[WhiteTeam "Sussex Martlets 1"]
[BlackTeam "Guildford 3"]

1. e4 Nc6 2. d4 e5 3. dxe5 Nxe5 4. Nc3 Bb4 5. Qd4 Qe7 6. Bf4 f6 7. O-O-O c6 8.
Bg3 Nh6 9. f4 Nef7 10. Nf3 O-O 11. e5 Nf5 12. Qe4 Bxc3 13. Qxf5 d5 14. Qh5 g6
15. Qh4 Bxb2+ 16. Kxb2 Qb4+ 17. Kc1 Qa3+ 18. Kb1 Qb4+ 19. Kc1 Qa3+ 20. Kb1 Qb4+
21. Kc1 1/2-1/2

[Event "4NCL Division 2a"]
[Site "Hinckley Island ENG"]
[Date "2014.11.16"]
[Round "2.236"]
[White "Zhang, Anthony"]
[Black "Lenier, Jude"]
[Result "1/2-1/2"]
[WhiteElo "2090"]
[BlackElo "2047"]
[PlyCount "84"]
[EventDate "2014.11.16"]
[WhiteTeam "Guildford 3"]
[BlackTeam "Sussex Martlets 1"]

1. d4 Nf6 2. Nf3 g6 3. g3 Bg7 4. Bg2 O-O 5. O-O d6 6. a4 Nbd7 7. Nc3 e5 8. dxe5
dxe5 9. a5 Qe7 10. Ng5 Nc5 11. Be3 c6 12. Na4 Nxa4 13. Rxa4 Bf5 14. c4 Rad8 15.
Qb3 Ng4 16. Ne4 Nxe3 17. Qxe3 Rd4 18. Nd2 e4 19. Nb3 Rd7 20. c5 Rd5 21. f3 Re8
22. fxe4 Re5 23. Nd2 Rxc5 24. Qa3 Bg4 25. Bf3 Bh3 26. Rb1 Qg5 27. Nf1 Rc2 28.
Qe3 Qb5 29. b3 Rc3 30. Qd2 Rxb3 31. Rxb3 Qxb3 32. Rb4 Qa3 33. Rxb7 Bf6 34. Bg2
Qc5+ 35. e3 Bxg2 36. Qxg2 Qxa5 37. e5 Qxe5 38. Qxc6 Bg5 39. Qf3 f5 40. Rxa7 Qc5
41. Ra8 Rxa8 42. Qxa8+ Kg7 1/2-1/2

[Event "4NCL Division 2a"]
[Site "Hinckley Island ENG"]
[Date "2014.11.16"]
[Round "2.238"]
[White "Sarakauskiene, Zivile"]
[Black "Willson, Ollie"]
[Result "0-1"]
[WhiteElo "2176"]
[BlackElo "1834"]
[PlyCount "77"]
[EventDate "2014.11.16"]
[WhiteTeam "Guildford 3"]
[BlackTeam "Sussex Martlets 1"]

1. e4 c5 2. Nf3 e6 3. d4 cxd4 4. Nxd4 Nc6 5. Nc3 Qc7 6. Be2 a6 7. O-O Nf6 8.
Kh1 b5 9. Nxc6 dxc6 10. f4 Be7 11. e5 Nd5 12. Ne4 O-O 13. a4 Rd8 14. Qe1 Bd7
15. Bd2 b4 16. c4 bxc3 17. bxc3 c5 18. Bd3 c4 19. Bc2 Rab8 20. Bc1 g6 21. Qg3
Qa5 22. Rf3 Bf8 23. Qh3 Bc6 24. Qh4 h5 25. Rg3 Bg7 26. Qh3 Ne7 27. Nd6 Nf5 28.
Bxf5 exf5 29. Re3 Qd5 30. Ba3 Rb3 31. Qf3 Rbb8 32. h4 Rb1+ 33. Re1 Rxa1 34.
Rxa1 Qd3 35. Qxd3 cxd3 36. Rd1 Bh6 37. Kh2 Bxf4+ 38. g3 Bxe5 39. Rxd3 0-1

[Event "4NCL Division 2a"]
[Site "Hinckley Island ENG"]
[Date "2014.11.16"]
[Round "2.242"]
[White "Padilla-Cabero, Pablo"]
[Black "Sathyanandha, Saravanan"]
[Result "0-1"]
[WhiteElo "2160"]
[BlackElo "2178"]
[PlyCount "62"]
[EventDate "2014.11.16"]
[WhiteTeam "Brown Jack Witney"]
[BlackTeam "KJCA Kings"]

1. e4 e6 2. d4 d5 3. e5 c5 4. c3 Nc6 5. Ne2 f6 6. f4 cxd4 7. cxd4 fxe5 8. fxe5
Bb4+ 9. Nbc3 Nge7 10. g3 O-O 11. Bh3 Ng6 12. Rf1 Bd7 13. Rxf8+ Qxf8 14. Bf4 Kh8
15. Qd3 Rc8 16. Rc1 Bxc3+ 17. bxc3 Na5 18. Qb1 b6 19. Bg4 Nc4 20. h4 Qf7 21.
Bh5 Be8 22. Bg5 Qf8 23. Bg4 Ngxe5 24. dxe5 Nxe5 25. Bh3 Nf3+ 26. Kd1 Ba4+ 27.
Rc2 d4 28. Kc1 d3 29. Rb2 dxe2 30. Rxe2 Nxg5 31. hxg5 Qf3 0-1

[Event "4NCL Division 2a"]
[Site "Hinckley Island ENG"]
[Date "2014.11.16"]
[Round "2.243"]
[White "Jones, William EG"]
[Black "Girdlestone, Paul"]
[Result "0-1"]
[WhiteElo "2124"]
[BlackElo "2128"]
[PlyCount "62"]
[EventDate "2014.11.16"]
[WhiteTeam "KJCA Kings"]
[BlackTeam "Brown Jack Witney"]

1. e4 e5 2. Nf3 Nc6 3. Bb5 g6 4. c3 a6 5. Ba4 Bg7 6. d4 Nge7 7. d5 Na7 8. d6
cxd6 9. Qxd6 Nb5 10. Bxb5 axb5 11. Na3 Ra6 12. Qd3 d5 13. exd5 e4 14. Qxe4 Rxa3
15. d6 Qxd6 16. bxa3 Bxc3+ 17. Ke2 Bf5 18. Bf4 Qc5 19. Be3 Qxa3 20. Qxb7 O-O
21. Rac1 Qxa2+ 22. Nd2 Nd5 23. Qxb5 Rd8 24. Qb3 Bd3+ 25. Kf3 Qa8 26. Kg3 Nxe3
27. fxe3 Bxd2 28. Rcd1 Qe4 29. Rhf1 Bxf1 30. Rxf1 Qxe3+ 31. Qxe3 Bxe3 0-1

[Event "4NCL Division 2a"]
[Site "Hinckley Island ENG"]
[Date "2014.11.16"]
[Round "2.245"]
[White "Lunn, Matthew"]
[Black "Richmond, Peter"]
[Result "1/2-1/2"]
[WhiteElo "2044"]
[BlackElo "2154"]
[PlyCount "174"]
[EventDate "2014.11.16"]
[WhiteTeam "KJCA Kings"]
[BlackTeam "Brown Jack Witney"]

1. d4 d5 2. c4 e5 3. dxe5 d4 4. Nf3 Nc6 5. Nbd2 Nge7 6. Nb3 Ng6 7. Nbxd4 Ngxe5
8. Nxc6 Qxd1+ 9. Kxd1 Nxc6 10. Bd2 Bf5 11. a3 O-O-O 12. Ke1 a5 13. e3 f6 14.
Bc3 b6 15. Be2 Bc5 16. Rd1 Bc2 17. Rd2 Bb3 18. Nd4 Bxd4 19. exd4 Rhe8 20. Kf1
Re7 21. f3 Rde8 22. Kf2 Nd8 23. c5 Bd5 24. b4 axb4 25. Bxb4 Re3 26. cxb6 cxb6
27. Bb5 R8e6 28. Rc1+ Kb7 29. Bd7 Nc6 30. Bxe6 Rxe6 31. Re1 Rxe1 32. Kxe1 Ka6
33. Ke2 Kb5 34. Bf8 g6 35. Kd3 Nd8 36. Rb2+ Kc6 37. Rc2+ Kd7 38. Bb4 Nc6 39.
Bd2 f5 40. Rc1 b5 41. Ra1 Bc4+ 42. Kc3 Ne7 43. Kb4 Kc6 44. a4 Nd5+ 45. Ka5 bxa4
46. Kxa4 Bb5+ 47. Kb3 f4 48. Re1 Kd6 49. Kc2 g5 50. h4 gxh4 51. Rh1 Ne3+ 52.
Bxe3 fxe3 53. Rxh4 Bf1 54. Rxh7 Bxg2 55. Kd3 Bxf3 56. Kxe3 Bc6 57. Rh6+ Kd5 58.
Kd3 Bb5+ 59. Kc3 Be2 60. Rh8 Bf1 61. Rh5+ Kd6 62. Kb4 Be2 63. Rg5 Bf1 64. d5
Be2 65. Rf5 Bg4 66. Rg5 Be2 67. Kc3 Kc5 68. d6+ Kxd6 69. Kd4 Bd1 70. Rg6+ Ke7
71. Ke5 Kf8 72. Rb6 Bc2 73. Rb8+ Kg7 74. Rc8 Bb3 75. Rc7+ Kg6 76. Rc6+ Kg7 77.
Rf6 Bc4 78. Rf2 Bb3 79. Rf3 Bc4 80. Rf6 Bb3 81. Kf5 Bc2+ 82. Kg5 Bb3 83. Rb6
Bc4 84. Rb7+ Kh8 85. Kg6 Bd5 86. Rd7 Be4+ 87. Kh6 Kg8 1/2-1/2

[Event "4NCL Division 2a"]
[Site "Hinckley Island ENG"]
[Date "2014.11.16"]
[Round "2.246"]
[White "Duncan, Patrick"]
[Black "Ismailov, Roman"]
[Result "1-0"]
[WhiteElo "2011"]
[BlackElo "2044"]
[PlyCount "113"]
[EventDate "2014.11.16"]
[WhiteTeam "Brown Jack Witney"]
[BlackTeam "KJCA Kings"]

1. b3 e5 2. Bb2 Nc6 3. e3 d5 4. Bb5 Bd6 5. f4 Qe7 6. Nf3 Bg4 7. O-O Nf6 8. fxe5
Bxf3 9. exd6 Bxd1 10. dxe7 Bxc2 11. Bxf6 gxf6 12. Nc3 Kxe7 13. Nxd5+ Kd6 14.
Bxc6 bxc6 15. Nb4 Bg6 16. Rxf6+ Ke7 17. Rxc6 Rhd8 18. Rxc7+ Kf8 19. d4 a5 20.
Nc2 a4 21. bxa4 Rdc8 22. Rxc8+ Rxc8 23. Ne1 Rc3 24. Kf2 Ra3 25. Nf3 Rxa4 26. a3
Ke7 27. Nd2 f5 28. Kf3 Bf7 29. Kf4 Kf6 30. g4 fxg4 31. Kxg4 Bd5 32. Kf4 h6 33.
Ne4+ Kf7 34. Nc3 Ra5 35. Nxd5 Rxd5 36. a4 Ra5 37. e4 Ke6 38. Ra2 Ke7 39. Ke3
Ke6 40. Kd3 Kd6 41. Kc4 Kc6 42. Kb4 Rg5 43. a5 Kb7 44. a6+ Ka7 45. e5 Rg4 46.
Kc5 h5 47. d5 h4 48. e6 Re4 49. Kd6 h3 50. e7 Re3 51. Kd7 Rc3 52. e8=Q Rc7+ 53.
Ke6 Rh7 54. Qe7+ Rxe7+ 55. Kxe7 Ka8 56. d6 Ka7 57. d7 1-0

[Event "4NCL Division 2a"]
[Site "Hinckley Island ENG"]
[Date "2014.11.16"]
[Round "2.247"]
[White "Maguire, Robert"]
[Black "Whatley, Stephen"]
[Result "0-1"]
[WhiteElo "1973"]
[BlackElo "1941"]
[PlyCount "58"]
[EventDate "2014.11.16"]
[WhiteTeam "KJCA Kings"]
[BlackTeam "Brown Jack Witney"]

1. e4 c5 2. Nf3 Nc6 3. d4 cxd4 4. Nxd4 e6 5. Nc3 Qc7 6. Be3 a6 7. a3 Nf6 8. f4
Nxd4 9. Qxd4 Ng4 10. Qb6 Bd6 11. e5 Nxe3 12. Qxe3 Be7 13. Qg3 O-O 14. Bd3 d5
15. Qh3 g6 16. g4 b5 17. Qg3 b4 18. Ne2 bxa3 19. bxa3 d4 20. h4 Bb7 21. Rh3
Qa5+ 22. Kf2 Kg7 23. f5 exf5 24. gxf5 Bd8 25. f6+ Kg8 26. h5 Bc7 27. hxg6 fxg6
28. Rxh7 Rxf6+ 29. Nf4 Qxe5 0-1

[Event "4NCL Division 2a"]
[Site "Hinckley Island ENG"]
[Date "2014.11.16"]
[Round "2.248"]
[White "Tomboline, David"]
[Black "Haridas, Girinath"]
[Result "1/2-1/2"]
[WhiteElo "1967"]
[BlackElo "1815"]
[PlyCount "82"]
[EventDate "2014.11.16"]
[WhiteTeam "Brown Jack Witney"]
[BlackTeam "KJCA Kings"]

1. d4 Nf6 2. Nf3 g6 3. c3 Bg7 4. Bg5 O-O 5. Nbd2 d6 6. e3 c5 7. Be2 Nbd7 8. O-O
h6 9. Bh4 g5 10. Bg3 Nh5 11. Ne1 Nxg3 12. fxg3 Nb6 13. Bf3 cxd4 14. exd4 e5 15.
dxe5 dxe5 16. g4 Qc7 17. Qe2 Be6 18. Nd3 Rfd8 19. Rfd1 Rac8 20. Ne4 Nd5 21. Kh1
Nf4 22. Nxf4 exf4 23. Rxd8+ Rxd8 24. b3 b6 25. Rc1 Rd7 26. Rc2 Qd8 27. c4 Kh8
28. h3 Bd4 29. Rd2 Be3 30. Rxd7 Qxd7 31. Kh2 Qd4 32. g3 f5 33. gxf5 Bxf5 34.
Qg2 Bxe4 35. Bxe4 fxg3+ 36. Kxg3 Bf4+ 37. Kf3 Qe3+ 38. Kg4 Qd4 39. Kf3 h5 40.
Qe2 Qg1 41. Qb2+ Kg8 1/2-1/2

[Event "4NCL Division 2a"]
[Site "Birmingham ENG"]
[Date "2015.02.14"]
[Round "5.211"]
[White "Gordon, Stephen J"]
[Black "Martin, Andrew"]
[Result "1/2-1/2"]
[WhiteElo "2494"]
[BlackElo "2373"]
[PlyCount "79"]
[EventDate "2015.02.14"]

1. Nf3 Nf6 2. c4 b6 3. d4 e6 4. g3 Bb7 5. Bg2 Be7 6. O-O O-O 7. Nc3 Ne4 8. Bd2
Bf6 9. Ne5 Nxc3 10. Bxc3 Bxg2 11. Kxg2 d5 12. Qd3 dxc4 13. Qxc4 Qd5+ 14. Qxd5
exd5 15. Rfd1 a5 16. Rac1 Rc8 17. f4 c6 18. Be1 Be7 19. g4 Ra7 20. f5 Bg5 21.
Rc2 Bf4 22. Bg3 Bxg3 23. hxg3 f6 24. Nd3 g5 25. fxg6 hxg6 26. Nf4 Re8 27. Nxg6
Rg7 28. Nf4 Rxg4 29. Rh1 Kf7 30. Kf3 Reg8 31. Rh3 Ke7 32. e3 Kd7 33. Re2 Na6
34. e4 dxe4+ 35. Rxe4 Nc7 36. a3 a4 37. d5 cxd5 38. Rxa4 Ne6 39. Rb4 Nxf4 40.
Rxf4 1/2-1/2

[Event "4NCL Division 2a"]
[Site "Birmingham ENG"]
[Date "2015.02.14"]
[Round "5.212"]
[White "Wall, Gavin"]
[Black "Ashton, Adam G"]
[Result "0-1"]
[WhiteElo "2325"]
[BlackElo "2385"]
[PlyCount "84"]
[EventDate "2015.02.14"]

1. e4 e5 2. Nf3 Nc6 3. Bc4 Nf6 4. d3 Bc5 5. c3 O-O 6. b4 Be7 7. Bb3 d5 8. Nbd2
Re8 9. O-O Bf8 10. Bb2 dxe4 11. Ng5 Re7 12. Ndxe4 Nxe4 13. dxe4 Qxd1 14. Rfxd1
h6 15. Nf3 Be6 16. Bd5 Nd8 17. Rd3 c6 18. Bb3 Bxb3 19. axb3 Ne6 20. Rad1 f6 21.
Nh4 Ree8 22. Bc1 a5 23. bxa5 Nc5 24. Rg3 Nxe4 25. Re3 Red8 26. Rde1 Nxc3 27.
Rxc3 Bb4 28. Rce3 Bxe1 29. Rxe1 Rxa5 30. f4 exf4 31. Bxf4 Rb5 32. Bg3 Rxb3 33.
Nf5 Rd7 34. Bf4 h5 35. h3 g6 36. Ne7+ Kf7 37. Nc8 g5 38. Bd6 h4 39. Kh2 Rb2 40.
Rf1 Re2 41. Bb4 Kg6 42. Nb6 Rd3 0-1

[Event "4NCL Division 2a"]
[Site "Birmingham ENG"]
[Date "2015.02.14"]
[Round "5.99"]
[White "Horton, Andrew P"]
[Black "Povah, Nigel"]
[Result "1-0"]
[WhiteElo "2176"]
[BlackElo "2333"]
[PlyCount "125"]
[EventDate "2015.02.14"]

1. Nf3 d5 2. c4 dxc4 3. e3 Be6 4. Ng5 Bd5 5. e4 Bc6 6. Bxc4 e6 7. d3 h6 8. Nf3
b5 9. Bb3 Nf6 10. O-O Be7 11. Qe2 O-O 12. a4 b4 13. Nbd2 Bb7 14. Rd1 c5 15. a5
a6 16. Nc4 Nc6 17. h3 Qc7 18. Be3 Rad8 19. Qc2 Nd7 20. Qc1 Kh7 21. Bf4 e5 22.
Be3 Rc8 23. Ba4 Ncb8 24. Qc2 Bc6 25. Nb6 Nxb6 26. axb6 Qd6 27. Rdc1 Bb5 28.
Bxb5 axb5 29. Ra7 Rfd8 30. Rca1 Kg8 31. Nd2 Bf8 32. Qb3 Nd7 33. Rb7 Rb8 34.
Raa7 Rxb7 35. Rxb7 Rb8 36. Rxb8 Qxb8 37. Qd5 Nxb6 38. Qc6 Na4 39. b3 Qb6 40.
Qd5 Nb2 41. Qxe5 Nxd3 42. Qe8 Qa6 43. Qd7 c4 44. Qd5 Nb2 45. Nf3 c3 46. Nd4
Qa1+ 47. Kh2 Qd1 48. e5 Qh5 49. g4 Qg6 50. Qxb5 Qe4 51. Qe8 Nd1 52. e6 fxe6 53.
Nxe6 Qf3 54. Bc5 Qf7 55. Qc8 c2 56. Bxf8 Qxf2+ 57. Kh1 Qf1+ 58. Kh2 Qe2+ 59.
Kg1 Qe3+ 60. Kh2 Qd2+ 61. Kg1 c1=Q 62. Bc5+ Kf7 63. Qf8+ 1-0

[Event "4NCL Division 2a"]
[Site "Birmingham ENG"]
[Date "2015.02.14"]
[Round "5.214"]
[White "Flear, Christine"]
[Black "Walton, Alan J"]
[Result "0-1"]
[WhiteElo "2164"]
[BlackElo "2130"]
[PlyCount "68"]
[EventDate "2015.02.14"]

1. d4 d5 2. c4 c6 3. e3 Nf6 4. Bd3 e6 5. Nf3 Nbd7 6. O-O Bd6 7. Nbd2 O-O 8. Qc2
h6 9. Re1 Re8 10. Nf1 dxc4 11. Qxc4 c5 12. Bd2 b6 13. e4 e5 14. d5 Rb8 15. a4
a6 16. Qc2 b5 17. axb5 axb5 18. b3 Nf8 19. Be3 Qe7 20. Ra5 Bd7 21. Ng3 c4 22.
bxc4 bxc4 23. Qxc4 Rec8 24. Qa2 Bb4 25. Ra7 Bxe1 26. Nxe1 Ng4 27. Nf5 Qb4 28.
Bd2 Qb6 29. Ne7+ Kh7 30. Nxc8 Qxf2+ 31. Kh1 Rxc8 32. Nf3 Qb6 33. Be1 Rc1 34.
Bf1 Rxe1 0-1

[Event "4NCL Division 2a"]
[Site "Birmingham ENG"]
[Date "2015.02.14"]
[Round "5.215"]
[White "Bentley, John L"]
[Black "Kalaiyalahan, Akshaya"]
[Result "1/2-1/2"]
[WhiteElo "2213"]
[BlackElo "2015"]
[PlyCount "83"]
[EventDate "2015.02.14"]

1. c4 g6 2. d4 Bg7 3. Nc3 Nf6 4. e4 d6 5. f3 O-O 6. Be3 c6 7. Qd2 e5 8. d5 cxd5
9. cxd5 a6 10. Bd3 Nbd7 11. Nge2 Ne8 12. O-O-O b5 13. b4 Nb6 14. Kb2 Bd7 15.
Rb1 f5 16. h3 f4 17. Bf2 Nf6 18. Nc1 Rc8 19. Nb3 Nfxd5 20. Nxd5 Nxd5 21. exd5
e4+ 22. Bd4 exd3 23. Rbc1 Qg5 24. Bxg7 Kxg7 25. Rhe1 Qf6+ 26. Ka3 Rc4 27. Qxd3
Rfc8 28. Qd2 Bf5 29. Rxc4 bxc4 30. Nd4 c3 31. Nxf5+ gxf5 32. Qc2 a5 33. bxa5
Qd4 34. Qa4 Qc5+ 35. Qb4 Qxd5 36. Qxf4 Qxa5+ 37. Qa4 Qxa4+ 38. Kxa4 d5 39. Kb3
d4 40. Kc2 Kf6 41. Kd3 Ra8 42. Kxd4 1/2-1/2

[Event "4NCL Division 2a"]
[Site "Birmingham ENG"]
[Date "2015.02.14"]
[Round "5.216"]
[White "Osborne, Marcus"]
[Black "Horton, Jamie A"]
[Result "1/2-1/2"]
[WhiteElo "2190"]
[BlackElo "2041"]
[PlyCount "80"]
[EventDate "2015.02.14"]

1. d4 Nf6 2. c4 e6 3. Nc3 d5 4. cxd5 exd5 5. Bg5 c6 6. Qc2 Be7 7. e3 Nbd7 8.
Bd3 Nh5 9. Bxe7 Qxe7 10. Nge2 Nb6 11. O-O g6 12. Rae1 O-O 13. Kh1 Ng7 14. Ng3
h5 15. b3 h4 16. Nge2 Bf5 17. Nf4 Rad8 18. Nce2 Nc8 19. Ng1 Nd6 20. Bxf5 Ngxf5
21. Nd3 Rfe8 22. Ne5 Kg7 23. f3 f6 24. Ng4 Nh6 25. Nxh6 Kxh6 26. Qf2 g5 27. Nh3
Kg7 28. e4 Qf7 29. e5 Nf5 30. exf6+ Qxf6 31. Re5 Rxe5 32. dxe5 Qe7 33. f4 g4
34. Ng5 d4 35. Ne4 Rf8 36. Nf6 Rxf6 37. exf6+ Qxf6 38. Kg1 Ne3 39. Re1 c5 40.
g3 h3 1/2-1/2

[Event "4NCL Division 2a"]
[Site "Birmingham ENG"]
[Date "2015.02.14"]
[Round "5.99"]
[White "Lau, Jason"]
[Black "Zhang, Anthony"]
[Result "1/2-1/2"]
[WhiteElo "1827"]
[BlackElo "2129"]
[PlyCount "99"]
[EventDate "2015.02.14"]

1. e4 c5 2. Nf3 Nc6 3. Bb5 g6 4. Bxc6 dxc6 5. h3 Bg7 6. d3 Nf6 7. Nc3 O-O 8.
Be3 b6 9. Qd2 Nd7 10. Bh6 e5 11. h4 f6 12. O-O-O Qe7 13. Bxg7 Kxg7 14. g3 Rd8
15. Nh2 Nf8 16. Qe3 Ne6 17. f4 Nd4 18. h5 Be6 19. Rdf1 g5 20. fxg5 fxg5 21. Nf3
Nxf3 22. Qxf3 h6 23. Kb1 Rf8 24. Qe2 g4 25. Nd1 Qg5 26. Ne3 Rxf1+ 27. Rxf1 Rf8
28. Rxf8 Kxf8 29. b3 Qxh5 30. Qf2+ Kg7 31. Kb2 Qg5 32. Ng2 Qd8 33. Ne3 Qd4+ 34.
Kb1 Kg6 35. Qe2 h5 36. Ng2 Qg1+ 37. Kb2 Kh7 38. a3 a5 39. a4 Qd4+ 40. Kb1 b5
41. axb5 cxb5 42. Qd2 a4 43. Qg5 Bf7 44. Nh4 axb3 45. Nf5 bxc2+ 46. Kxc2 Qf2+
47. Kc1 Qe1+ 48. Kc2 Qe2+ 49. Kc1 Qe1+ 50. Kc2 1/2-1/2

[Event "4NCL Division 2a"]
[Site "Birmingham ENG"]
[Date "2015.02.14"]
[Round "5.218"]
[White "Golding, Alex"]
[Black "Leung, Ho Yan Andrew"]
[Result "0-1"]
[WhiteElo "1998"]
[BlackElo "1784"]
[PlyCount "69"]
[EventDate "2015.02.14"]

1. e4 c5 2. Nf3 d6 3. d4 cxd4 4. Nxd4 Nf6 5. Nc3 a6 6. f3 e5 7. Nb3 Be7 8. Be3
Be6 9. Qd2 O-O 10. O-O-O a5 11. Kb1 a4 12. Nc1 a3 13. b3 Nc6 14. g4 Qb8 15.
N1e2 b5 16. Ng3 b4 17. Nd5 Bxd5 18. exd5 Na7 19. Nf5 Re8 20. Bh6 Qc7 21. Bxg7
Nxd5 22. Bc4 Nc3+ 23. Ka1 d5 24. Qh6 Qb6 25. Nxe7+ Rxe7 26. Bf6 Qxf6 27. Qxf6
Re6 28. Qg5+ Rg6 29. Qxe5 dxc4 30. Rd6 cxb3 31. cxb3 Nab5 32. Rxg6+ hxg6 33.
Qe7 Ra7 34. Qd8+ Kg7 35. Re1 0-1

[Event "4NCL Division 2a"]
[Site "Birmingham ENG"]
[Date "2015.02.14"]
[Round "5.99"]
[White "Sathyanandha, Saravanan"]
[Black "Hill, Alistair"]
[Result "1/2-1/2"]
[WhiteElo "2169"]
[BlackElo "2133"]
[PlyCount "120"]
[EventDate "2015.02.14"]

1. e4 e6 2. d3 c5 3. Nf3 Nc6 4. g3 g6 5. Bg2 Bg7 6. O-O Nge7 7. c3 O-O 8. Qe2
d5 9. e5 b6 10. Re1 Ba6 11. Bf4 Rc8 12. Nbd2 Nf5 13. a4 Qd7 14. g4 Nfe7 15. g5
Nf5 16. h4 Nce7 17. Nf1 d4 18. c4 Bb7 19. N1d2 Bh8 20. Ne4 Bxe4 21. Qxe4 Qc6
22. Qe2 Qc7 23. Bh2 Rfd8 24. Qe4 a6 25. Nd2 b5 26. axb5 axb5 27. b3 bxc4 28.
bxc4 Nc6 29. Ra4 Nb4 30. h5 gxh5 31. Qe2 Ne7 32. Ne4 Ng6 33. Nf6+ Bxf6 34. gxf6
Qd7 35. Rea1 Kh8 36. Ra7 Rc7 37. Ra8 Rxa8 38. Rxa8+ Rc8 39. Qxh5 Rxa8 40. Bxa8
Qe8 41. Be4 Qg8 42. Kf1 Na2 43. Qh6 Qf8 44. Qh3 Qg8 45. Bg3 Nc3 46. Bc6 Qf8 47.
f4 Nd1 48. Be4 Kg8 49. Qh5 Ne3+ 50. Kg1 Qb8 51. Qe2 Qb1+ 52. Kh2 Nf1+ 53. Kh3
Nxg3 54. Kxg3 Qg1+ 55. Bg2 h5 56. Qf3 Qe1+ 57. Kh2 Qh4+ 58. Kg1 Qe1+ 59. Kh2
Qh4+ 60. Kg1 Qe1+ 1/2-1/2

[Event "4NCL Division 2a"]
[Site "Birmingham ENG"]
[Date "2015.02.14"]
[Round "5.222"]
[White "Bamber, Elaine"]
[Black "Green, Andrew D"]
[Result "0-1"]
[WhiteElo "2108"]
[BlackElo "2137"]
[PlyCount "86"]
[EventDate "2015.02.14"]

1. e4 e5 2. Nf3 Nc6 3. Bb5 a6 4. Ba4 Nf6 5. O-O b5 6. Bb3 Be7 7. Re1 d6 8. c3
O-O 9. h3 Nb8 10. d3 Nbd7 11. Nbd2 Bb7 12. Nf1 Nc5 13. Bc2 Re8 14. Ng3 g6 15.
Bh6 Bf8 16. Qc1 Bg7 17. Nh4 Ne6 18. Bxg7 Kxg7 19. Nf3 c5 20. Qe3 Nf4 21. d4 Qc7
22. Rac1 a5 23. d5 Reb8 24. Nf1 Bc8 25. N3h2 Qe7 26. Qf3 h5 27. Qg3 h4 28. Qxh4
Bxh3 29. Ne3 Rh8 30. Qg5 Rh5 31. Qg3 Bd7 32. f3 Rah8 33. Nef1 Ng8 34. Rcd1 Rg5
35. Ng4 Nh5 36. Qf2 Bxg4 37. fxg4 Rxg4 38. Nh2 Rf4 39. Nf3 Nh6 40. Rd3 c4 41.
Rde3 Ng4 42. Qd2 Ng3 43. Nh2 Qh4 0-1

[Event "4NCL Division 2a"]
[Site "Birmingham ENG"]
[Date "2015.02.14"]
[Round "5.99"]
[White "Jones, William EG"]
[Black "Lee, Richard WY"]
[Result "0-1"]
[WhiteElo "2127"]
[BlackElo "2147"]
[PlyCount "99"]
[EventDate "2015.02.14"]

1. e4 c5 2. Nf3 e6 3. d4 cxd4 4. Nxd4 Nf6 5. Nc3 d6 6. Be3 a6 7. g4 Be7 8. g5
Nfd7 9. Qh5 g6 10. Qg4 Nc6 11. h4 h5 12. Qg3 Qa5 13. O-O-O O-O 14. f4 Nxd4 15.
Bxd4 b5 16. a3 Rb8 17. Nb1 Bb7 18. Bg2 Rfc8 19. f5 Qc7 20. Rd2 a5 21. Rf1 e5
22. Be3 b4 23. Qf3 Rf8 24. f6 Bd8 25. Rfd1 Nc5 26. Bxc5 dxc5 27. Rd7 Qb6 28.
axb4 cxb4 29. Bh3 Bc6 30. R7d3 Bc7 31. Bd7 Rfd8 32. Bxc6 Qxc6 33. Rd5 Rxd5 34.
exd5 Qc5 35. Qe4 Bd6 36. Nd2 Rc8 37. b3 a4 38. bxa4 Qc3 39. Nb1 Qa1 40. Rd3
Qxa4 41. Rf3 Qa2 42. Nd2 Qa1+ 43. Nb1 Rc3 44. Rd3 Kh7 45. Qe3 Rc4 46. Qb6 e4
47. Rb3 Qa2 48. Nc3 Rxc3 49. Rxc3 Qa1+ 50. Kd2 0-1

[Event "4NCL Division 2a"]
[Site "Birmingham ENG"]
[Date "2015.02.14"]
[Round "5.224"]
[White "Beckett, Chris J"]
[Black "Grove, Michael"]
[Result "1-0"]
[WhiteElo "2156"]
[BlackElo "2060"]
[PlyCount "81"]
[EventDate "2015.02.14"]

1. d4 Nf6 2. c4 e6 3. Nc3 c5 4. d5 exd5 5. cxd5 d6 6. e4 g6 7. Nge2 Bg7 8. Ng3
O-O 9. Be2 a6 10. a4 h5 11. Bg5 Nbd7 12. O-O Re8 13. f3 Nf8 14. Qd2 N8h7 15.
Be3 h4 16. Nh1 Nh5 17. f4 f5 18. Bxh5 gxh5 19. e5 dxe5 20. Bxc5 e4 21. Nd1 Nf6
22. Ne3 Ng4 23. h3 Nf6 24. Rad1 b5 25. Qf2 Nd7 26. b4 bxa4 27. Bd4 Nb6 28. Bxg7
Kxg7 29. Rc1 Bd7 30. Rfd1 Qf6 31. Qe2 Kh6 32. Rc5 Rg8 33. Rdc1 Qd4 34. Nf2 Rg6
35. Rc7 Rf8 36. Rb1 a3 37. Nfd1 Bb5 38. Qf2 a2 39. Qxa2 Rg3 40. Qf2 Nxd5 41.
Nxd5 1-0